000 00475nam a2200121Ia 4500
008 220615s9999||||xx |||||||||||||| ||und||
100 _aPierre Pichat (Ed.)
245 0 _aPhoton-involving Purification of Water and Air
546 _aEnglish[eng]
650 _asun-driven processes||photocatalytic processes over semiconductors||photo-Fenton and other homogeneous processes||solar photocatalytic ozonation
856 _uhttp://www.mdpi.com/books/pdfview/book/552
942 _cEB
999 _c10920
_d10920